[Event "WchT Rapid"]
[Site "London"]
[Date "2025.06.13"]
[Round "11.1"]
[White "Hong, Andrew Z"]
[Black "Gelfand, Boris"]
[Result "1-0"]
[WhiteElo "2547"]
[BlackElo "2622"]
[PlyCount "43"]
[EventDate "2025.06.11"]
[EventType "team-swiss"]
[EventRounds "12"]
[EventCountry "ENG"]
[SourceTitle "CB25_2025"]
[SourceDate "2025.06.18"]
[SourceVersion "1"]
[SourceVersionDate "2025.06.18"]
[SourceQuality "1"]
[WhiteTeam "FIDE MB Team"]
[BlackTeam "Rishon LeZion"]
[BlackTeamCountry "ISR"]

1. c4 c5 2. Nf3 Nf6 3. Nc3 Nc6 4. g3 d5 5. cxd5 Nxd5 6. Bg2 g6 7. Qb3 e6 8. Ne4 b6 9. d4 cxd4 10. 0-0 Bg7 11. Bg5 f6 12. Rac1 Qd7 13. Rxc6 Qxc6 14. Nxd4 Qd7 15. Nxf6+ Bxf6 16. Bxf6 Rf8 17. Be5 Kf7 18. e4 Nf6 19. Rc1 Kg8 20. Rc7 Qe8 21. Bxf6 Rxf6 22. e5 1-0

[Event "ISR-chT"]
[Site "Israel"]
[Date "2025.02.28"]
[Round "9.1"]
[White "Gelfand, Boris"]
[Black "Eljanov, Pavel"]
[Result "1/2-1/2"]
[WhiteElo "2657"]
[BlackElo "2656"]
[PlyCount "47"]
[EventDate "2025.01.08"]
[EventType "team-tourn"]
[EventRounds "11"]
[EventCountry "ISR"]
[SourceTitle "CB12_2025"]
[SourceDate "2025.03.19"]
[SourceVersion "1"]
[SourceVersionDate "2025.03.19"]
[SourceQuality "1"]
[WhiteTeam "Rishon Le Zion Feldklein"]
[BlackTeam "Ashdod"]
[WhiteTeamCountry "ISR"]
[BlackTeamCountry "ISR"]

1. c4 e6 2. g3 d5 3. Bg2 d4 4. Nf3 c5 5. 0-0 Ne7 6. e3 Nec6 7. d3 Be7 8. Na3 0-0 9. exd4 cxd4 10. Re1 f6 11. Nh4 Na6 12. Nc2 Nc7 13. f4 a5 14. Na3 Rb8 15. Nb5 Bb4 16. Re2 Nxb5 17. cxb5 Ne7 18. Qb3 Kh8 19. a3 Bc5 20. Bd2 Nd5 21. Qc4 Bb6 22. f5 Ne3 23. Bxe3 dxe3 24. fxe6 1/2-1/2

[Event "ISR-chT"]
[Site "Israel"]
[Date "2025.02.15"]
[Round "8.1"]
[White "Predke, Alexandr"]
[Black "Gelfand, Boris"]
[Result "1/2-1/2"]
[WhiteElo "2630"]
[BlackElo "2649"]
[PlyCount "137"]
[EventDate "2025.01.08"]
[EventType "team-tourn"]
[EventRounds "11"]
[EventCountry "ISR"]
[SourceTitle "CB08_2025"]
[SourceDate "2025.02.19"]
[SourceVersion "1"]
[SourceVersionDate "2025.02.19"]
[SourceQuality "1"]
[WhiteTeam "Beer Sheva"]
[BlackTeam "Rishon Le Zion Feldklein"]
[WhiteTeamCountry "ISR"]
[BlackTeamCountry "ISR"]

1. d4 Nf6 2. c4 e6 3. Nf3 d5 4. Nc3 c6 5. Bg5 h6 6. Bxf6 Qxf6 7. e3 Nd7 8. Bd3 dxc4 9. Bxc4 g6 10. 0-0 Bg7 11. Qc2 0-0 12. Ne4 Qe7 13. Bb3 Nf6 14. h4 a5 15. Nxf6+ Qxf6 16. h5 g5 17. Ne5 Qf5 18. Qc3 g4 19. Bd1 Qxh5 20. Bxg4 Qh4 21. Bd1 Rd8 22. f4 Bd7 23. a4 Qe7 24. Bb3 c5 25. Qxc5 Qxc5 26. dxc5 Bc6 27. Rad1 Rxd1 28. Rxd1 Bxe5 29. fxe5 Kh8 30. Rf1 Rg8 31. Rxf7 Rxg2+ 32. Kf1 Rg5 33. Rf6 Rxe5 34. Rxh6+ Kg7 35. Rxe6 Rxc5 36. Ke1 Rh5 37. Kd2 Rh4 38. Kc3 Bxa4 39. Bxa4 Rxa4 40. Rb6 Kf7 41. Rxb7+ Ke6 42. Rb3 Kd5 43. Kd3 Kd6 44. e4 Ke5 45. Rb5+ Ke6 46. Rb8 Ke5 47. Ra8 Kd6 48. Rd8+ Ke6 49. Rd4 Ra1 50. b3 Rb1 51. Kc3 Re1 52. Rc4 Re3+ 53. Kb2 Re1 54. Rd4 Ke5 55. Rd5+ Ke6 56. Rd4 Ke5 57. Rd5+ Ke6 58. Rxa5 Rxe4 59. Rc5 Kd6 60. Rc8 Kd7 61. Rc5 Kd6 62. Rc3 Re8 63. b4 Kd7 64. Kb3 Rb8 65. Rc4 Ra8 66. Rc5 Rc8 67. Rxc8 Kxc8 68. Ka4 Kb8 69. Ka5 1/2-1/2

[Event "ISR-chT"]
[Site "Israel"]
[Date "2025.01.18"]
[Round "4.1"]
[White "Gorshtein, Ido"]
[Black "Gelfand, Boris"]
[Result "1-0"]
[WhiteElo "2569"]
[BlackElo "2649"]
[PlyCount "51"]
[EventDate "2025.01.08"]
[EventType "team-tourn"]
[EventRounds "11"]
[EventCountry "ISR"]
[SourceTitle "CB08_2025"]
[SourceDate "2025.02.19"]
[SourceVersion "1"]
[SourceVersionDate "2025.02.19"]
[SourceQuality "1"]
[WhiteTeam "Kfar Saba"]
[BlackTeam "Rishon Le Zion Feldklein"]
[WhiteTeamCountry "ISR"]
[BlackTeamCountry "ISR"]

1. c4 c5 2. Nf3 Nf6 3. Nc3 Nc6 4. g3 d5 5. cxd5 Nxd5 6. Bg2 g6 7. h4 Bg7 8. h5 0-0 9. hxg6 hxg6 10. Ng5 Nf6 11. Bxc6 bxc6 12. d3 c4 13. dxc4 Qxd1+ 14. Nxd1 a5 15. Bd2 a4 16. Bc3 Re8 17. Ne3 e5 18. 0-0-0 Bf8 19. f4 Nh5 20. Ne4 exf4 21. Rxh5 Bg7 22. Bxg7 Rxe4 23. Re5 Rxe3 24. Bf6 Bg4 25. Rxe3 fxe3 26. Rh1 1-0

[Event "ISR-chT"]
[Site "Israel"]
[Date "2025.01.08"]
[Round "1.1"]
[White "Sokolovsky, Yahli"]
[Black "Gelfand, Boris"]
[Result "1/2-1/2"]
[WhiteElo "2552"]
[BlackElo "2649"]
[PlyCount "81"]
[EventDate "2025.01.08"]
[EventType "team-tourn"]
[EventRounds "11"]
[EventCountry "ISR"]
[SourceTitle "CB08_2025"]
[SourceDate "2025.02.19"]
[SourceVersion "1"]
[SourceVersionDate "2025.02.19"]
[SourceQuality "1"]
[WhiteTeam "Rishon Le iZion II"]
[BlackTeam "Rishon Le Zion Feldklein"]
[WhiteTeamCountry "ISR"]
[BlackTeamCountry "ISR"]

1. e4 e5 2. Nf3 Nf6 3. Nxe5 d6 4. Nf3 Nxe4 5. Nc3 Nxc3 6. dxc3 Be7 7. Be3 0-0 8. Qd2 Nd7 9. 0-0-0 Nf6 10. Bd3 Re8 11. Rhe1 Bg4 12. Bg5 Nh5 13. Bxe7 Rxe7 14. Be4 Rb8 15. h3 Bd7 16. Nd4 Nf6 17. Bf3 Re5 18. Rxe5 dxe5 19. Nf5 Qf8 20. Ng3 Be6 21. Qe3 c6 22. a3 Nd7 23. Qxa7 f5 24. Be2 Qc5 25. Qxc5 Nxc5 26. f3 Kf7 27. b3 f4 28. Ne4 Nxe4 29. fxe4 Kf6 30. a4 Kg5 31. Rd6 Re8 32. Kd2 Kh4 33. Ke1 h5 34. Kf2 g5 35. Rd1 Ra8 36. c4 c5 37. c3 g4 38. hxg4 hxg4 39. Rh1+ Kg5 40. Rh7 Rd8 41. Ke1 1/2-1/2

[Event "Wch Rapid"]
[Site "New York"]
[Date "2024.12.26"]
[Round "3"]
[White "Bai, Adelard"]
[Black "Gelfand, Boris"]
[Result "1/2-1/2"]
[WhiteElo "2232"]
[BlackElo "2630"]
[PlyCount "90"]
[EventDate "2024.12.26"]
[EventType "swiss (rapid)"]
[EventRounds "13"]
[EventCountry "USA"]
[SourceTitle "CB01_2025"]
[SourceDate "2025.01.01"]
[SourceVersion "1"]
[SourceVersionDate "2025.01.01"]
[SourceQuality "1"]

1. d4 Nf6 2. Nc3 d5 3. Bf4 e6 4. Nb5 Bb4+ 5. c3 Ba5 6. e3 0-0 7. Nf3 c6 8. Na3 Nbd7 9. Bd3 Bc7 10. 0-0 b6 11. Rc1 Bb7 12. Bxc7 Qxc7 13. c4 Rad8 14. cxd5 Nxd5 15. Nc4 c5 16. Qe2 Qb8 17. Rfd1 N5f6 18. dxc5 Nxc5 19. Bb1 Rxd1+ 20. Rxd1 Rd8 21. Rxd8+ Qxd8 22. Qd2 Qxd2 23. Nfxd2 Kf8 24. Bc2 Ke7 25. f3 Nd5 26. e4 Nb4 27. Bb1 Nbd3 28. a3 b5 29. Bxd3 Nxd3 30. Na5 Ba8 31. b4 f5 32. exf5 exf5 33. Ndb3 Kf6 34. Nd4 a6 35. Ndc6 Bxc6 36. Nxc6 Ne1 37. Nb8 Nc2 38. Nxa6 Nxa3 39. Kf2 Ke5 40. Ke3 Nc4+ 41. Kd3 g5 42. Nc7 Nd6 43. g3 h6 44. Ke3 Nc4+ 45. Kd3 Nd6 1/2-1/2

[Event "Wch Rapid"]
[Site "New York"]
[Date "2024.12.26"]
[Round "4"]
[White "Gelfand, Boris"]
[Black "Bilych, Olexiy"]
[Result "1/2-1/2"]
[WhiteElo "2630"]
[BlackElo "2450"]
[PlyCount "101"]
[EventDate "2024.12.26"]
[EventType "swiss (rapid)"]
[EventRounds "13"]
[EventCountry "USA"]
[SourceTitle "CB01_2025"]
[SourceDate "2025.01.01"]
[SourceVersion "1"]
[SourceVersionDate "2025.01.01"]
[SourceQuality "1"]

1. Nf3 d5 2. g3 Nf6 3. Bg2 c5 4. 0-0 e6 5. c4 d4 6. e3 Nc6 7. d3 Bd6 8. exd4 cxd4 9. Bg5 h6 10. Bxf6 Qxf6 11. Nfd2 Qe7 12. Ne4 Bc7 13. Na3 f5 14. Qh5+ Qf7 15. Qxf7+ Kxf7 16. Nb5 Bb8 17. Ned6+ Ke7 18. Nxc8+ Rxc8 19. Rfe1 Rd8 20. c5 Kf6 21. Re2 a5 22. Rae1 e5 23. Bxc6 bxc6 24. Nd6 Bxd6 25. cxd6 e4 26. dxe4 fxe4 27. Rxe4 Rxd6 28. Kf1 Rb8 29. R1e2 c5 30. Rf4+ Kg6 31. Rd2 a4 32. Rc2 Rb5 33. Ke1 Rdb6 34. b3 axb3 35. axb3 d3 36. Rc3 Rxb3 37. Rxb3 Rxb3 38. Rc4 Rb1+ 39. Kd2 Rb2+ 40. Kxd3 Rxf2 41. Rxc5 Rxh2 42. Ke3 Ra2 43. Kf3 Ra4 44. Rc6+ Kh7 45. g4 Ra1 46. Kg3 Rf1 47. Ra6 Rf6 48. Ra3 Kg6 49. Ra5 Rb6 50. Ra3 Kf6 51. Rf3+ 1/2-1/2

[Event "Wch Rapid"]
[Site "New York"]
[Date "2024.12.26"]
[Round "2"]
[White "Gelfand, Boris"]
[Black "Kobalia, Mihail"]
[Result "1/2-1/2"]
[WhiteElo "2630"]
[BlackElo "2522"]
[PlyCount "57"]
[EventDate "2024.12.26"]
[EventType "swiss (rapid)"]
[EventRounds "13"]
[EventCountry "USA"]
[SourceTitle "CB01_2025"]
[SourceDate "2025.01.01"]
[SourceVersion "1"]
[SourceVersionDate "2025.01.01"]
[SourceQuality "1"]

1. d4 d5 2. c4 c6 3. Nf3 Nf6 4. Nc3 e6 5. e3 Nbd7 6. Bd3 dxc4 7. Bxc4 b5 8. Bd3 Bd6 9. Qc2 Bb7 10. e4 e5 11. Bg5 0-0 12. dxe5 Nxe5 13. Nxe5 Bxe5 14. f4 Bxc3+ 15. bxc3 Qb6 16. Bxf6 gxf6 17. 0-0-0 Rad8 18. e5 Qe3+ 19. Kb1 Qxf4 20. Bxh7+ Kg7 21. exf6+ Qxf6 22. Be4 Bc8 23. Rd3 Rxd3 24. Qxd3 Rd8 25. Qg3+ Kf8 26. Qe3 Kg7 27. Qg3+ Kf8 28. Qe3 Kg7 29. Qg3+ 1/2-1/2

[Event "Wch Rapid"]
[Site "New York"]
[Date "2024.12.26"]
[Round "5"]
[White "Svane, Frederik"]
[Black "Gelfand, Boris"]
[Result "1/2-1/2"]
[WhiteElo "2455"]
[BlackElo "2630"]
[PlyCount "40"]
[EventDate "2024.12.26"]
[EventType "swiss (rapid)"]
[EventRounds "13"]
[EventCountry "USA"]
[SourceTitle "CB01_2025"]
[SourceDate "2025.01.01"]
[SourceVersion "1"]
[SourceVersionDate "2025.01.01"]
[SourceQuality "1"]

1. e4 c5 2. Nf3 Nc6 3. Bb5 e6 4. c3 d5 5. d3 Bd7 6. 0-0 Bd6 7. exd5 exd5 8. c4 Nge7 9. Nc3 dxc4 10. dxc4 Bf5 11. Bxc6+ bxc6 12. Be3 0-0 13. Na4 Bd3 14. Re1 Bxc4 15. Bxc5 Bd5 16. Rc1 Ng6 17. Bxd6 Qxd6 18. Nc3 Nf4 19. g3 Ne6 20. Nxd5 cxd5 1/2-1/2

[Event "Julius Baer GenCup D3 L"]
[Site "Chess.com INT"]
[Date "2024.09.30"]
[Round "7.1"]
[White "Gelfand, Boris"]
[Black "Keymer, Vincent"]
[Result "1/2-1/2"]
[WhiteElo "2658"]
[BlackElo "2730"]
[PlyCount "60"]
[EventDate "2024.09.27"]
[EventType "k.o. (rapid)"]
[EventRounds "8"]
[EventCountry "GER"]
[SourceTitle "EXT 2025"]
[Source "ChessBase"]
[SourceDate "2024.10.14"]
[SourceVersion "1"]
[SourceVersionDate "2024.10.14"]
[SourceQuality "1"]

1. d4 Nf6 2. c4 e6 3. Nf3 d5 4. g3 Bb4+ 5. Bd2 Be7 6. Bg2 0-0 7. 0-0 c6 8. Qc2 Nbd7 9. b4 Ne4 10. Be1 b6 11. a4 a5 12. bxa5 bxa5 13. Nc3 Nxc3 14. Bxc3 Ba6 15. c5 Qc7 16. Rfb1 Rfb8 17. e3 Bd8 18. Rxb8 Rxb8 19. Rb1 h6 20. Nd2 Rxb1+ 21. Qxb1 e5 22. Nb3 Qb8 23. Bf1 Bxf1 24. Kxf1 e4 25. Qd1 Qc8 26. Kg2 Qa6 27. Qf1 Qb7 28. Qd1 Qa6 29. Qf1 Qb7 30. Qd1 Qa6 1/2-1/2

[Event "Julius Baer GenCup D3 W"]
[Site "Chess.com INT"]
[Date "2024.09.27"]
[Round "2.1"]
[White "Gelfand, Boris"]
[Black "Korobov, Anton"]
[Result "1/2-1/2"]
[WhiteElo "2658"]
[BlackElo "2650"]
[PlyCount "99"]
[EventDate "2024.09.27"]
[EventType "k.o. (rapid)"]
[EventRounds "6"]
[EventCountry "GER"]
[SourceTitle "EXT 2025"]
[Source "ChessBase"]
[SourceDate "2024.10.14"]
[SourceVersion "1"]
[SourceVersionDate "2024.10.14"]
[SourceQuality "1"]

1. Nf3 d5 2. g3 c6 3. Bg2 Bg4 4. h3 Bxf3 5. Bxf3 Nd7 6. d3 Ngf6 7. 0-0 e5 8. e4 Be7 9. exd5 Nxd5 10. Nc3 Nxc3 11. bxc3 0-0 12. Re1 Qc7 13. Rb1 Rad8 14. Bg2 Rfe8 15. Qg4 Nf6 16. Qa4 Bc5 17. Bg5 Re6 18. Qc4 Bb6 19. Re2 h6 20. Bd2 Rde8 21. Rbe1 Qd6 22. a4 e4 23. dxe4 Nxe4 24. Bf4 Qc5 25. Qxc5 Nxc5 26. Rxe6 Rxe6 27. Ra1 Ne4 28. Bxe4 Rxe4 29. a5 Bc5 30. Kf1 Kf8 31. f3 Re7 32. Ra4 g5 33. Bd2 a6 34. h4 f6 35. h5 Kf7 36. Rc4 Bd6 37. g4 Re5 38. Ra4 Rb5 39. Ke2 Bc7 40. c4 Rb1 41. Rb4 Rxb4 42. Bxb4 Be5 43. Kd3 Bh2 44. Ke4 Bc7 45. Kf5 Bd8 46. c5 Be7 47. Ba3 Bd8 48. Bb4 Be7 49. Ba3 Bd8 50. Bb4 1/2-1/2

[Event "Julius Baer GenCup D3 W"]
[Site "Chess.com INT"]
[Date "2024.09.27"]
[Round "2.3"]
[White "Gelfand, Boris"]
[Black "Korobov, Anton"]
[Result "1/2-1/2"]
[WhiteElo "2658"]
[BlackElo "2650"]
[PlyCount "138"]
[EventDate "2024.09.27"]
[EventType "k.o. (rapid)"]
[EventRounds "6"]
[EventCountry "GER"]
[SourceTitle "EXT 2025"]
[Source "ChessBase"]
[SourceDate "2024.10.14"]
[SourceVersion "1"]
[SourceVersionDate "2024.10.14"]
[SourceQuality "1"]

1. Nf3 d5 2. g3 Bg4 3. Bg2 Nd7 4. h3 Bxf3 5. Bxf3 c6 6. d3 Ngf6 7. 0-0 e5 8. e4 Be7 9. exd5 Nxd5 10. Re1 0-0 11. Bg2 Bc5 12. Nc3 Nxc3 13. bxc3 Qa5 14. Bd2 Rad8 15. d4 Bb6 16. a4 exd4 17. cxd4 Qf5 18. c3 Nf6 19. Qb1 Qc8 20. Qb3 Ba5 21. Bg5 Rd6 22. Re5 Bc7 23. a5 h6 24. Bd2 b5 25. axb6 Bxb6 26. Bf4 Nd5 27. Bd2 Nc7 28. Bc1 Re8 29. Ba3 Rxe5 30. Bxd6 Re6 31. Be5 Qd7 32. h4 Qe7 33. Kh2 Rxe5 34. dxe5 Bxf2 35. Rf1 Bxg3+ 36. Kxg3 Qxe5+ 37. Kh3 Ne6 38. Qc4 g5 39. Qe4 Qxc3+ 40. Kh2 c5 41. Qf5 Qg7 42. Bd5 Nf4 43. Qc8+ Qf8 44. Qxf8+ Kxf8 45. Bc4 Kg7 46. hxg5 hxg5 47. Ra1 f5 48. Ra6 Ng6 49. Bd3 Nh4 50. Rxa7+ Kf6 51. Rc7 Ke5 52. Be2 Kd4 53. Rg7 Ke3 54. Bd1 c4 55. Kg3 f4+ 56. Kg4 c3 57. Rxg5 f3 58. Kxh4 f2 59. Rf5 Kd2 60. Ba4 Ke1 61. Re5+ Kd2 62. Rd5+ Ke2 63. Kg3 f1Q 64. Bb5+ Ke1 65. Bxf1 c2 66. Rc5 Kd2 67. Rd5+ Kc3 68. Rc5+ Kd2 69. Rxc2+ Kxc2 1/2-1/2

[Event "Julius Baer GenCup D3 W"]
[Site "Chess.com INT"]
[Date "2024.09.27"]
[Round "2.5"]
[White "Gelfand, Boris"]
[Black "Korobov, Anton"]
[Result "1/2-1/2"]
[WhiteElo "2658"]
[BlackElo "2650"]
[PlyCount "184"]
[EventDate "2024.09.27"]
[EventType "k.o. (rapid)"]
[EventRounds "6"]
[EventCountry "GER"]
[SourceTitle "EXT 2025"]
[Source "ChessBase"]
[SourceDate "2024.10.14"]
[SourceVersion "1"]
[SourceVersionDate "2024.10.14"]
[SourceQuality "1"]

1. Nf3 d5 2. g3 g6 3. Bg2 Bg7 4. d4 Nf6 5. 0-0 0-0 6. c4 c6 7. Qa4 Nfd7 8. cxd5 Nb6 9. Qd1 cxd5 10. Nc3 Nc6 11. e3 e6 12. b3 a5 13. a4 Re8 14. Ba3 Nb4 15. Bxb4 axb4 16. Na2 Bf8 17. Qd2 Qd6 18. Ne5 Nd7 19. Nd3 b5 20. Naxb4 bxa4 21. Rxa4 Rb8 22. Rc1 Qb6 23. Nc6 Qxb3 24. Raa1 Rb7 25. Na5 Qb6 26. Nxb7 Qxb7 27. Qa5 Bd6 28. Nc5 Nxc5 29. dxc5 Be5 30. c6 Qe7 31. Rab1 Bc7 32. Qc5 Bd6 33. Qc3 Bc7 34. Ra1 h5 35. Ra7 h4 36. Qa3 Qd8 37. Ra8 d4 38. exd4 Qxd4 39. Qc3 Qb6 40. Raa1 Qb5 41. Qc5 Qb2 42. Rcb1 Qf6 43. Ra7 Be5 44. Rd1 Bb8 45. Ra4 hxg3 46. hxg3 Bc7 47. Ra7 Bb8 48. Ra3 Bc7 49. Rf3 Qb2 50. Qd4 Qxd4 51. Rxd4 Kf8 52. Ra3 e5 53. Rd2 Be6 54. Ra7 Rc8 55. Rb7 Ke7 56. Bd5 Bf5 57. Ra2 f6 58. Bg2 Kd6 59. Rd2+ Kc5 60. Rd7 Ba5 61. Rf7 e4 62. Rxf6 Bc3 63. Rff7 Rxc6 64. Rbc7 Be5 65. Rxc6+ Kxc6 66. Ra7 Kd6 67. Ra4 e3 68. fxe3 Bxg3 69. Ra6+ Ke5 70. Ra5+ Kf6 71. Bf3 Bd6 72. Kg2 Be6 73. Be4 g5 74. Ra6 Ke5 75. Bc6 Bc5 76. Ra5 Kd6 77. Be4 Bxe3 78. Kf3 Bf4 79. Bb7 Ke7 80. Be4 Kf6 81. Ra6 Ke5 82. Ra5+ Kf6 83. Bb7 Be5 84. Bc6 g4+ 85. Kg2 Bf5 86. Bd5 Bf4 87. Bb7 Be6 88. Bc6 g3 89. Bb7 Bf5 90. Bc6 Be6 91. Bb7 Bf5 92. Bc6 Be6 1/2-1/2

[Event "Julius Baer GenCup D3 W"]
[Site "Chess.com INT"]
[Date "2024.09.27"]
[Round "1.3"]
[White "Gelfand, Boris"]
[Black "Predke, Alexandr"]
[Result "1-0"]
[WhiteElo "2658"]
[BlackElo "2671"]
[PlyCount "87"]
[EventDate "2024.09.27"]
[EventType "k.o. (rapid)"]
[EventRounds "6"]
[EventCountry "GER"]
[SourceTitle "EXT 2025"]
[Source "ChessBase"]
[SourceDate "2024.10.14"]
[SourceVersion "1"]
[SourceVersionDate "2024.10.14"]
[SourceQuality "1"]

1. d4 Nf6 2. c4 e6 3. Nf3 b6 4. g3 Bb4+ 5. Bd2 Bxd2+ 6. Qxd2 Bb7 7. Bg2 0-0 8. Nc3 Ne4 9. Qd3 Nxc3 10. Ng5 Ne4 11. Nxe4 Nc6 12. 0-0 f5 13. Nc3 Nb4 14. Qd2 Bxg2 15. Kxg2 Nc6 16. Rad1 Ne7 17. d5 Ng6 18. d6 c6 19. f4 e5 20. e3 Qf6 21. b4 Qe6 22. Qd3 a5 23. b5 Rac8 24. Rd2 cxb5 25. cxb5 e4 26. Qc2 Nh8 27. Qb2 Nf7 28. Rfd1 h5 29. Na4 Rc4 30. Nxb6 Rb4 31. Qa3 Rxb5 32. Nd5 Qh6 33. Nc7 Rbb8 34. Qxa5 Qh7 35. Nd5 Nh6 36. Ne7+ Kh8 37. h3 h4 38. gxh4 Ng8 39. Kh2 Nxe7 40. dxe7 Rfe8 41. Qe5 Rb6 42. Rxd7 Qxh4 43. Rg1 Rf6 44. Rd8 1-0

[Event "Julius Baer GenCup D3 W"]
[Site "Chess.com INT"]
[Date "2024.09.27"]
[Round "2.4"]
[White "Korobov, Anton"]
[Black "Gelfand, Boris"]
[Result "1/2-1/2"]
[WhiteElo "2650"]
[BlackElo "2658"]
[PlyCount "116"]
[EventDate "2024.09.27"]
[EventType "k.o. (rapid)"]
[EventRounds "6"]
[EventCountry "GER"]
[SourceTitle "EXT 2025"]
[Source "ChessBase"]
[SourceDate "2024.10.14"]
[SourceVersion "1"]
[SourceVersionDate "2024.10.14"]
[SourceQuality "1"]

1. e4 c5 2. c3 Nf6 3. e5 Nd5 4. Bc4 Nb6 5. Bb3 c4 6. Bc2 d6 7. exd6 Qxd6 8. Nf3 Nc6 9. 0-0 Bg4 10. Re1 Ne5 11. Rxe5 Bxf3 12. Qe1 Bc6 13. b3 g6 14. Ba3 Qc7 15. Bc5 e6 16. Na3 Bxc5 17. Rxc5 cxb3 18. axb3 0-0 19. Be4 Nd7 20. Rc4 Ne5 21. Rc5 Nd7 22. Rg5 Rad8 23. Bxc6 Qxc6 24. Nc4 a6 25. d4 Qc7 26. h4 Nf6 27. Ne5 Rd5 28. Rg3 Nh5 29. Rf3 Qe7 30. g3 Ng7 31. Rd1 Nf5 32. Qe4 Rfd8 33. Kg2 h5 34. Rfd3 Nd6 35. Qf4 Nf5 36. Qg5 Kg7 37. Qxe7 Nxe7 38. Kf3 Nc6 39. Nxc6 bxc6 40. Ra1 a5 41. Re3 Kf6 42. Ke2 Ke7 43. f4 Rb5 44. Ra3 Rdb8 45. c4 Rb4 46. Rc3 Kf6 47. Kd3 Ra8 48. Ke4 Rab8 49. Kd3 Ra8 50. Ke4 a4 51. bxa4 Raxa4 52. Rxa4 Rxa4 53. c5 Ra1 54. Rb3 Re1+ 55. Kf3 Rd1 56. Ke4 Re1+ 57. Kf3 Rd1 58. Ke4 Re1+ 1/2-1/2

[Event "Julius Baer GenCup Pl/In"]
[Site "Chess.com INT"]
[Date "2024.09.25"]
[Round "7"]
[White "Gelfand, Boris"]
[Black "Indjic, Aleksandar"]
[Result "1-0"]
[WhiteElo "2658"]
[BlackElo "2611"]
[PlyCount "75"]
[EventDate "2024.09.25"]
[EventType "swiss (rapid)"]
[EventRounds "9"]
[EventCountry "GER"]
[SourceTitle "EXT 2025"]
[Source "ChessBase"]
[SourceDate "2024.10.14"]
[SourceVersion "1"]
[SourceVersionDate "2024.10.14"]
[SourceQuality "1"]

1. Nf3 d5 2. d4 Bf5 3. c4 e6 4. Nc3 Nf6 5. Nh4 Be4 6. f3 c5 7. e3 Bg6 8. cxd5 exd5 9. Bb5+ Nbd7 10. 0-0 a6 11. Bxd7+ Qxd7 12. Na4 Qc6 13. Nxc5 Bxc5 14. dxc5 Qxc5 15. Bd2 0-0 16. Rc1 Qa7 17. Qe2 Rfe8 18. Nxg6 hxg6 19. Qd3 Re7 20. Rfe1 Rae8 21. Kf2 Qb8 22. Bb4 Re6 23. Kg1 Re5 24. Bc3 Rh5 25. g3 Nh7 26. Qd4 f6 27. Kg2 Ng5 28. Qxd5+ Kh7 29. Qd7 Rd8 30. Qg4 Rd3 31. h4 Qd8 32. Re2 Nf7 33. Qe4 Rdd5 34. Bd4 Nd6 35. Qe6 Nf5 36. Rc8 Rd6 37. Qc4 Rc6 38. Qxc6 1-0

[Event "Julius Baer GenCup Pl/In"]
[Site "Chess.com INT"]
[Date "2024.09.25"]
[Round "9"]
[White "Karthikeyan, Murali"]
[Black "Gelfand, Boris"]
[Result "0-1"]
[WhiteElo "2624"]
[BlackElo "2658"]
[PlyCount "106"]
[EventDate "2024.09.25"]
[EventType "swiss (rapid)"]
[EventRounds "9"]
[EventCountry "GER"]
[SourceTitle "EXT 2025"]
[Source "ChessBase"]
[SourceDate "2024.10.14"]
[SourceVersion "1"]
[SourceVersionDate "2024.10.14"]
[SourceQuality "1"]

1. e4 c5 2. Nf3 Nc6 3. Bb5 e6 4. Bxc6 bxc6 5. d3 Ne7 6. h4 d6 7. e5 Nf5 8. Nc3 f6 9. exf6 gxf6 10. d4 d5 11. Ne2 Bd6 12. dxc5 Bxc5 13. Nfd4 e5 14. Nxf5 Bxf5 15. Ng3 Be6 16. Qh5+ Kd7 17. Nf5 Qe8 18. Qxe8+ Rhxe8 19. Ng7 Rg8 20. Nxe6 Kxe6 21. g3 Rg4 22. Bd2 f5 23. Ke2 Re4+ 24. Kf1 Rg8 25. b3 Reg4 26. Rd1 e4 27. Ke2 Bd6 28. Be3 f4 29. gxf4 Bxf4 30. Rh3 Bxe3 31. Kxe3 Ke5 32. c4 h5 33. b4 Rd8 34. cxd5 cxd5 35. f3 d4+ 36. Ke2 Rg2+ 37. Kf1 Rxa2 38. fxe4 Rf8+ 39. Kg1 Rg8+ 40. Kf1 Rg4 41. Rf3 Rxh4 42. Kg1 Rg4+ 43. Kh1 Rh4+ 44. Kg1 Rxe4 45. Rf7 Rg4+ 46. Kh1 h4 47. Re7+ Kd6 48. Re8 Kd5 49. b5 h3 50. Rh8 h2 51. Rxh2 Rxh2+ 52. Kxh2 Kc4 53. Kh3 Rg7 0-1

[Event "HUN-ch Rapid"]
[Site "Ajka"]
[Date "2024.07.21"]
[Round "9"]
[White "Indjic, Aleksandar"]
[Black "Gelfand, Boris"]
[Result "1/2-1/2"]
[WhiteElo "2610"]
[BlackElo "2658"]
[PlyCount "106"]
[EventDate "2024.07.20"]
[EventType "swiss (rapid)"]
[EventRounds "11"]
[EventCountry "HUN"]
[SourceTitle "CBM 221 Extra"]
[Source "ChessBase"]
[SourceDate "2024.09.30"]
[SourceVersion "1"]
[SourceVersionDate "2024.09.30"]
[SourceQuality "1"]

1. d4 Nf6 2. c4 e6 3. Nc3 Bb4 4. Qc2 0-0 5. a3 Bxc3+ 6. Qxc3 d5 7. e3 b6 8. cxd5 exd5 9. Bd3 Ba6 10. Bxa6 Nxa6 11. Qd3 Qc8 12. Ne2 c6 13. 0-0 Re8 14. b3 Nc7 15. Bb2 Nb5 16. Rac1 Qd7 17. Rc2 Nd6 18. Rfc1 Rac8 19. Nf4 Nfe4 20. Qd1 a5 21. Nd3 f6 22. a4 Rc7 23. Ba3 Rec8 24. Qf3 Nb7 25. Qf4 Nd8 26. h4 Ne6 27. Qh2 c5 28. f3 cxd4 29. Rxc7 Rxc7 30. Rxc7 Nxc7 31. fxe4 dxe4 32. Nb2 dxe3 33. Qd6 Qxd6 34. Bxd6 Nd5 35. Nc4 Kf7 36. g3 g5 37. hxg5 fxg5 38. Be5 h5 39. Bd4 e2 40. Kf2 h4 41. gxh4 gxh4 42. Kxe2 h3 43. Be5 Ke6 44. Bg3 Kd7 45. Nd2 e3 46. Nf3 Kc6 47. Kd3 Kc5 48. Nd4 Nf6 49. Bf4 Ng4 50. Nf3 b5 51. axb5 Kxb5 52. Nh2 Nxh2 53. Bxh2 a4 1/2-1/2

[Event "HUN-ch Rapid"]
[Site "Ajka"]
[Date "2024.07.20"]
[Round "2"]
[White "Gelfand, Boris"]
[Black "Kovacsy, Barnabas"]
[Result "1-0"]
[WhiteElo "2658"]
[BlackElo "2280"]
[PlyCount "55"]
[EventDate "2024.07.20"]
[EventType "swiss (rapid)"]
[EventRounds "11"]
[EventCountry "HUN"]
[SourceTitle "CBM 221 Extra"]
[Source "ChessBase"]
[SourceDate "2024.09.30"]
[SourceVersion "1"]
[SourceVersionDate "2024.09.30"]
[SourceQuality "1"]

1. Nf3 Nf6 2. c4 g6 3. Nc3 d5 4. cxd5 Nxd5 5. Qc2 Nc6 6. d4 Nb6 7. e4 Bg7 8. d5 Na5 9. Bf4 c6 10. Rd1 0-0 11. dxc6 Qe8 12. Nd5 Nxd5 13. exd5 bxc6 14. b4 Bf5 15. Qc1 Nb7 16. dxc6 Nd6 17. Be2 Rc8 18. b5 e5 19. Be3 Qe6 20. 0-0 Qxa2 21. Rd2 Qe6 22. Bxa7 e4 23. Nd4 Qe5 24. Rdd1 Rfe8 25. Bc5 Nb7 26. Bb4 Red8 27. Nxf5 Rxd1 28. Qxd1 1-0

[Event "HUN-ch Rapid"]
[Site "Ajka"]
[Date "2024.07.20"]
[Round "3"]
[White "Haring, Filip"]
[Black "Gelfand, Boris"]
[Result "0-1"]
[WhiteElo "2497"]
[BlackElo "2658"]
[PlyCount "68"]
[EventDate "2024.07.20"]
[EventType "swiss (rapid)"]
[EventRounds "11"]
[EventCountry "HUN"]
[SourceTitle "CBM 221 Extra"]
[Source "ChessBase"]
[SourceDate "2024.09.30"]
[SourceVersion "1"]
[SourceVersionDate "2024.09.30"]
[SourceQuality "1"]

1. e4 c5 2. Nf3 Nc6 3. d4 cxd4 4. Nxd4 Nf6 5. Nc3 e5 6. Ndb5 d6 7. Bg5 a6 8. Na3 b5 9. Nd5 Be7 10. Nxe7 Nxe7 11. Bd3 d5 12. Bxf6 gxf6 13. exd5 Qxd5 14. Qe2 Bb7 15. f3 0-0-0 16. Rd1 Qxa2 17. c4 b4 18. Nb1 Nc6 19. 0-0 Nd4 20. Qf2 Kb8 21. Nd2 Qxb2 22. Rb1 Qc3 23. Be4 f5 24. Bxb7 Kxb7 25. Rxb4+ Qxb4 26. Rb1 Nb3 27. Nxb3 Ka8 28. Ra1 Rd6 29. Qc2 Rb8 30. Rb1 Rc6 31. Qxf5 Qxc4 32. Rc1 Qd5 33. Rxc6 Qxc6 34. Qxf7 Qb6+ 0-1